00957cam a2200241 a 450000100100000000500170001000800410002704000250006804100130009308200170010610000290012324501120015226000350026430000200029944000190031953400510033860000540038965000640044365000400050770000330054795201200058099900150070000000459520200929151452.0770516s1968 ve 001 0bspa  aDO-SdBNPbspacBNPHU17aspabfre a840.4bG619t1 aGoldmann, Lucien.91340313aEl teatro de Jean Genet :bensayo de estudio sociológico /cLucien Goldmann ; traductor, Guillermo Sucre. aCaracas :bMonte Avila,c1968. a83 p. ;c19 cm. 0aEstudios93854 aTítulo original: Le théatre de Jean Genet.14aGENET, JEANd1910-1986xOBRAS DRAMÁTICAS913404 4aGenet, jeand1910-1986xCrítica e interpretación913405 4aCrítica literariazFrancia9134061 aSucre, Guillermo,etr.96249 001052708MOaGRbGRcCTd2009-07-23iLF1l0o840.4 G619tp4595-10r2020-06-25w2020-06-25y2ZPréstamo interno c4403d4403